• 首页
  • 本馆介绍
  • 公告通知
  • 最新文献
  • 馆藏检索
  • 电子资源
  • 读者导购
  • 参考咨询
  • 我的图书馆
  • 登录
  • 详细信息显示
  • 放入我的书架
  • 预约/预借图书
  • 作者相关作品
  • 分类相关作品
  • 丛书相关作品
  • 出版社相关作品

书目信息

  • 表格格式
  • 工作单格式
  • 卡片格式
题名:
家畜口蹄疫
    
 
作者: ;中国科学技术情报研究所重庆分所 编辑
分册:  
出版信息: 重庆   科学技术文献出版社重庆分社  1980
页数: 178页
开本: 19cm
丛书名:
单 册:
中图分类: S855.3
科图分类:
主题词: 家畜疾病:口蹄疫 , 口蹄疫:家畜疾病
电子资源:
ISBN: 16176.48
000 00761nam0 2200241 450
001 0180009798
005 20100712215904.0
010    @a16176.48@dCNY0.60
091    @a16176.48
100    @a19950515d1980 em y0chiy0110 ea
101 0  @achi
102    @aCN@b510000
105    @ay z 000yy
106    @ar
200 1  @a家畜口蹄疫@9Jia;Jie Xu;Chu Kou Ti Yi @e国外资料选辑@f中国科学技术情报研究所重庆分所编辑
210    @a重庆@c科学技术文献出版社重庆分社@d1980
215    @a178页@d19cm
606 0  @a家畜疾病:口蹄疫
606 0  @a口蹄疫:家畜疾病
690    @aS855.3@v3
711 02 @a中国科学技术情报研究所重庆分所@9zhong guo ke xue ji shu qing bao yan jiu suo chong qing fen suo@4编辑
801  0 @aCN@bAzMarc@c20130904
905    @aBZT@dS855.3@e3@f5@sS855.3/3
    
    家畜口蹄疫:国外资料选辑/中国科学技术情报研究所重庆分所编辑.-重庆:科学技术文献出版社重庆分社,1980
    178页;19cm
    
    
    ISBN 16176.48:CNY0.60
    
●
相关链接 在五车中查询图书 在当当中查询图书 在豆瓣中查询图书


正题名:家畜口蹄疫     索取号:S855.3/3         预约/预借

序号 登录号 条形码 馆藏地/架位号 状态 备注
1 2000042516   2000042516   旧书回溯/ [索取号:S855.3/3] 在馆    
2 2000042517   2000042517   旧书回溯/ [索取号:S855.3/3] 在馆    
3 2000042518   2000042518   旧书回溯/ [索取号:S855.3/3] 在馆    
4 2000042519   2000042519   旧书回溯/ [索取号:S855.3/3] 在馆    
5 2000042520   2000042520   旧书回溯/ [索取号:S855.3/3] 在馆    
山东省滨州职业学院图书馆 欢迎您!
大连网信软件有限公司© 版权所有